000
00213 a2200097 4500
001
52990
100
_a
Ridout R
245
_a
English Proverbs Explained
260
_a
London
_b
Pan Books
_c
090
_c
33316
_d
33316
942
_a
NUST-CAE
_c
M
_c
25910
999
_c
288063
_d
288063